000 00605nam a2200205 a 4500
001 7486
003 CO-ViMGA
008 141112s2004 ck r 000 u spa d
040 _aCO-ViMGA
_bspa
_cCO-ViMGA
082 0 4 _a651.3743 B191
100 1 _aBayart Van Hille, Chantal
_96775
245 1 0 _aAtiende bien el telefono /
_cBayanrt Van Chantal , Deslandes Dellez Dominique
260 _aBuenos aires :
_bGranica,
_c1991
300 _a19 p
490 _aAcción, 9
650 1 4 _aDeslandes Dellez, Dominique
_96776
650 1 4 _aSECRETARIA
_96777
650 1 4 _aTELEFONO - ATENCION
_96778
942 _2ddc
_cBK
999 _c19433
_d19433